| 000 | 01357nmc a2200337 a 4500 | ||
|---|---|---|---|
| 003 | AR-BaBNM | ||
| 005 | 20251128204010.0 | ||
| 008 | 286019s1979 ||||||||||||||000 | spa|| | ||
| 020 | _a92-3-301558-0 | ||
| 040 | _cAR-BaBNM | ||
| 110 | 2 | _aUNESCO | |
| 245 | 1 | 0 |
_aEvolución de la enseñanza técnica y profesional _bestudio comparado realizado en veintitrés países en desarrollo |
| 260 |
_aParís _bUnesco _c1979 |
||
| 300 | 0 |
_a145 p. _btablas, diagr. |
|
| 490 | 0 | _aTendencias y problemas de la educación técnica y profesional | |
| 500 | 1 | _aUNESCO: ORGANIZACION DE LAS NACIONES UNIDAS PARA LA EDUCACION, LA CIENCIA Y LA CULTURA | |
| 500 | 1 | _aEste estudio tiene su origen en los informes presentados por los países que participaron en la Conferencia Internacional de la Unesco realizada en Denver, Estados Unidos de América en junio de 1974 | |
| 500 | 0 | _aContiene la Recomendación realizada por la Unesco relativa a la enseñanza técnica y profesional en el Anexo 1: p. 115-139 | |
| 650 | 4 | _aPAISES EN DESARROLLO | |
| 650 | 4 | _aFORMACION PROFESIONAL | |
| 650 | 4 | _aPROGRAMAS DE INICIACION TECNOLOGICA | |
| 650 | 4 | _aENSENANZA TECNICA | |
| 650 | 4 | _aCOOPERACION CIENTIFICA | |
| 650 | 4 | _aPOLITICA EDUCATIVA | |
| 651 | 4 | _aEuropa | |
| 651 | 4 | _aAsia | |
| 651 | 4 | _aAmérica Latina | |
| 651 | 4 | _aAfrica | |
| 942 | _cBK | ||
| 998 | _cSILVI | ||
| 999 |
_c5772 _d5772 |
||